La posición del Ecuador en el mundo: recopilación de estudios desde la economía política internacional para comprender las dinámicas del sistema global /

Bibliographic Details
Other Authors: Carranco Paredes, Santiago (Editor), Tonon Ordóñez, Luis (Editor), Piedra Orellana, Karen (Editor)
Format: Electronic eBook
Language:Spanish
Published: Cuenca, Ecuador : Universidad del Azuay, Casa Editora, [2024]
Series:Homo (Universidad del Azuay, Casa Editora)
Subjects:
Online Access:Digitalia Hispánica

MARC

LEADER 00000nam a2200000 i 4500
001 DIGUAZUAY0263
003 NyNyDIG
007 cr |||||||||||
008 260119s2024 ec a ob 000 0 spa d
006 m o d
035 |a (OCoLC)1500709112 
040 |a DGITA  |b eng  |e rda  |e pn  |c DGITA 
020 |a 9789942670014  |q eBook 
020 |z 9789942670007 
043 |a s-ec--- 
050 1 4 |a HC202 ebook 
245 0 3 |a La posición del Ecuador en el mundo:  |b recopilación de estudios desde la economía política internacional para comprender las dinámicas del sistema global /  |c [edited by] Santiago Carranco Paredes, Luis Tonon Ordóñez, Karen Piedra Orellana. 
264 1 |a Cuenca, Ecuador :  |b Universidad del Azuay, Casa Editora,  |c [2024] 
300 |a 1 online resource :  |b illustrations. 
336 |a text  |b txt  |2 rdacontent 
337 |a computer  |b c  |2 rdamedia 
338 |a online resource  |b cr  |2 rdacarrier 
347 |a text file  |2 rdaft 
347 |b PDF 
490 1 |a Homo 
504 |a Includes bibliographical references. 
588 0 |a Online resource; title from PDF title page (Digitalia, viewed January 19, 2026) 
651 0 |a Ecuador  |x Foreign economic relations. 
651 0 |a Ecuador  |x Economic policy. 
650 0 |a International economic relations. 
700 1 |a Carranco Paredes, Santiago,  |e editor. 
700 1 |a Tonon Ordóñez, Luis,  |e editor. 
700 1 |a Piedra Orellana, Karen,  |e editor. 
791 2 |a Digitalia (Firm),  |e distributor. 
793 0 |g Digitalia eBook Collection:  |a Universidad del Azuay 
776 0 8 |i Print version:  |t Posición del Ecuador en el mundo.  |d Cuenca, Ecuador : Universidad del Azuay, Casa Editora, [2024]  |z 9789942670007 
830 0 |a Homo (Universidad del Azuay, Casa Editora) 
856 4 0 |3 Digitalia Hispánica  |u https://www.digitaliapublishing.com/a/170491/ 
910 |a Premium collection: 2026